000 00358nam a2200133Ia 4500
008 151001s9999||||xx |||||||||||||| ||und||
100 _aपांडुरंगशास्त्री देशपांडे
245 _aआपले आरोग्य
250 _a1
260 _bमेघना
260 _c1982
300 _a91
365 _b22
999 _c961648
_d961645